Every Song by Default - Statistics

General Stats
  • This quiz has been taken 2 times
  • The average score is 4 of 48
Answer Stats
Album Song % Correct
The Fallout(2001) Wasting My Time
100%
Comes and Goes(2009) Comes and Goes
50%
One Thing Remains(2005) Count on Me
50%
The Fallout(2001) Deny
50%
One Thing Remains(2005) One Thing Remains
50%
The Fallout(2001) Sick & Tired
50%
One Thing Remains(2005) All Is Forgiven
0%
Comes and Goes(2009) All Over Me
0%
Elocation(2003) All She Wrote
0%
Elocation(2003) Alone
0%
One Thing Remains(2005) Beautiful Flower
0%
The Fallout(Bonus)(2001) Blind
0%
Elocation(2003) Break Down Doors
0%
The Fallout(2001) By Your Side
0%
Comes and Goes(2009) Caught in the Moment
0%
The Fallout(Bonus)(2001) Circles
0%
Elocation(2003) Crossing the Line
0%
Elocation(2003) Cruel
0%
Elocation(2003) Enough
0%
The Fallout(2001) Faded
0%
Comes and Goes(2009) Fascination
0%
One Thing Remains(2005) Found My Way Out
0%
One Thing Remains(2005) Get Out of This Alive
0%
Comes and Goes(2009) Goodbye
0%
One Thing Remains(2005) Hiding from the Sun
0%
Comes and Goes(2009) Hold Onto You
0%
One Thing Remains(2005) I Can't Win
0%
One Thing Remains(2005) It Only Hurts
0%
The Fallout(2001) Let You Down
0%
Elocation(Bonus)(2003) Let You Down
0%
Comes and Goes(2009) Little Too Late
0%
The Fallout(2001) Live a Lie
0%
Elocation(2003) Made to Lie
0%
Elocation(2003) Movin' On
0%
The Fallout(2001) One Late Night
0%
The Fallout(2001) Seize the Day
0%
Comes and Goes(2009) Show Me
0%
The Fallout(2001) Slow Me Down
0%
The Fallout(2001) Somewhere
0%
Comes and Goes(2009) Supposed to Be
0%
Elocation(2003) (Taking My) Life Away
0%
One Thing Remains(2005) The Memory Will Never Die
0%
One Thing Remains(2005) The Way We Were
0%
Elocation(2003) Throw It All Away
0%
Comes and Goes(2009) Turn It On
0%
Elocation(2003) Who Followed Who?
0%
Elocation(2003) Without You
0%
Comes and Goes(2009) Yesterday's Song
0%
No matching quizzes found
Score Distribution
Percent of People with Each Score
Percentile by Number Answered
Your Score History
You have not taken this quiz